000 00476nam a2200181Ia 4500
001 1761
005 20260306143752.0
008 260306t2016||||xx |||||||||||||| ||spa||
041 _aESP
082 _a155.3
_bM86
100 _aMorgade, Graciela
_eAUT
245 0 _aEducación sexual integral con perspectiva de género:
_bla lupa de la ESI en el aula
260 _c2016
300 _a134 páginas :
_c22 cm.
650 _aGEN
654 _aCPS
942 _cLIB
_dJUS
_fJUS
_2ddc
_n
999 _c1761
_d1761